| 000 | 00566nam a2200205Ia 4500 | ||
|---|---|---|---|
| 003 | GCL | ||
| 008 | 140319s9999 xx 000 0 ara d | ||
| 040 |
_aGCL / _cGCL |
||
| 082 | 0 | 4 |
_a780.71 _bع ت |
| 100 | 1 | _aعائشة صبرى | |
| 245 | 1 | 0 |
_aتعالوا نغنى يا أطفال / _cعائشة صبرى |
| 260 |
_a[S.N] : _bدار الفكر العربى |
||
| 490 | _a | ||
| 650 | 0 | 4 | _aالموسيقى |
| 650 | 0 | 4 | _aالغناء |
| 650 | 0 | 4 | _aالاغانى |
| 650 | 0 | 4 | _aالموسيقى الصوتية |
| 650 | 0 | 4 | _aالتدريب |
| 942 |
_2ddc _cBK |
||
| 999 |
_c31284 _d31284 |
||